00253 a2200085 4500000002500000020001800025100001800043245008500061260002100146 nam a22 7a 4500 a9781912906031 aSammons, Andy aThe compassionate teacher : why compassion should be at the heart of our schools bJohn Catt,c2019